What Language Don't I Speak? Quiz Stats

 Plays Quiz Updated Sep 27, 2018

Challenge
Share
Tweet
Embed
Score 0/16 Timer 04:00
0 Plays Today
sentence I do not speak... % Correct
Lo siento, no hablo español.Spanish
98.4%
Es tut mir leid, ich spreche kein Deutsch.German
96.7%
Je suis désolé, je ne parle pas français.French
84.4%
Я не говорю по-русски.Russian
78.4%
Watashi wa nihongo o hanashimasen.Japanese
70.1%
Wo bu hui shuo hanyu.Mandarin Chinese
64.1%
Promiňte, nemluvím česky.Czech
57.4%
Undskyld, jeg kan ikke tale dansk.Danish
52.9%
sentence I do not speak... % Correct
Ho sento, no parlo el català.Catalan
46.3%
Het spijt me, ik spreek geen Vlaams.Flemish (Belgian Dutch)
40.9%
Sajnos nem beszélek magyarul.Magyar
30.6%
Anteeksi, mutta minä en puhu suomea.Finnish
27.9%
Chan eil Gaidhlig agam.Scottish Gaelic
18%
Vabandage, ma ei räägi eesti keelt.Estonian
13.4%
Slicha, ani lo medaber ivrit.Hebrew
11%
Më vjen keq, nuk flas shqip.Albanian
8.9%

You're not logged in!

Compare scores with friends on all Sporcle quizzes.
OR
Log In

You Might Also Like...

Show Comments

Extras

Top Quizzes Today


Score Distribution

Your Account Isn't Verified!

In order to create a playlist on Sporcle, you need to verify the email address you used during registration. Go to your Sporcle Settings to finish the process.

Report this User

Report this user for behavior that violates our Community Guidelines.

Details: